Visualizzazione normale
Vista MARC
- Harburg E. Y.
di Personal Name
Records bibliografici associati: 1
001 - CONTROL NUMBER
- control field: 14794
003 - CONTROL NUMBER IDENTIFIER
- control field: IT-RoPau
005 - DATE AND TIME OF LATEST TRANSACTION
- control field: 20140223153549.0
008 - FIXED-LENGTH DATA ELEMENTS
- fixed length control field: 140223|| aca||aabn | a|a d
040 ## - CATALOGING SOURCE
- Original cataloging agency: IT-RoPau
- Transcribing agency: IT-RoPau
100 ## - HEADING--PERSONAL NAME
- Personal name: Harburg E. Y.
- Miscellaneous information: Codice autore musica SPICS: 15671
- Relator term: Autore musica
- Name of part/section of a work: April In Paris
670 ## - SOURCE DATA FOUND
- Source citation: Work cat.: (IT-RoPau)100728: Monk Thelonious 14787, Monk On Riverside 1959-61, vol. 18